| 000 | 00370nam a22001097a 4500 | ||
|---|---|---|---|
| 008 | 230609b xxu||||| |||| 00| 0 eng d | ||
| 082 |
_a354.676 _bGOK |
||
| 110 | _bGovernment of Kenya | ||
| 245 |
_aEstimates of Development Expenditure of the Government of Kenya _bFor the Year Ending 30 Th June 2012 _cVolume II (Votes D20-D60) _hJune, 2011 |
||
| 300 | _a790p | ||
| 942 |
_2ddc _cBK |
||
| 999 |
_c870 _d870 |
||